000 01083naa a22002897a 4500
001 BR8706969
003 BR-BrBNA
005 20240918175858.0
007 ta
008 230509b bl.||||| |||| 00| 0 por d
040 _aBR-BrBNA
_bpor
_cBiblioteca Nacional de Agricultura
041 _a(Pt)
072 _aN20
090 _aN20 BR8706969
100 1 _aWeiss, A.
100 1 _aFontana, C.
100 1 _aDallmeyer, A.U.
111 1 _a15. Congresso Brasileiro de Engenharia Agricola; 1. Feira Nacional de Empreedimentos e Tecnicas Agropecuarias
_cSao Paulo, SP (Brazil)
_d8 Jul 1986
245 1 _aDesempenho de um distribuidor helicoidal com calcario seco
260 3 _aSao Paulo, SP (Brasil):
_c1986.
500 _aAnais do 15. Congresso Brasileiro de Engenharia Agricola Sao Paulo, SP (Brasil): 1986. p. 105-111 (BR8706969-AM)N20
650 _aMOTOR
650 _aCALCARIO
773 0 _tAnais do 15. Congresso Brasileiro de Engenharia Agricola
_wN20 BR8706969
_gSao Paulo, SP (Brasil), 1986. p. 105-111
909 _a202404
_bLucia
_c55
_dLucia Elande
942 _cAM
_2AGRIS
999 _c318568
_d318568